| 000 | 00405nam a22001697a 4500 | ||
|---|---|---|---|
| 005 | 20160623163230.0 | ||
| 008 | 160623b xxu||||| |||| 00| 0 eng d | ||
| 020 | _a978-81-203-4112-8 | ||
| 041 | _aeng | ||
| 082 | _b9445 | ||
| 100 |
_aVenkanna, B.K. and B.V. Swati _92607 |
||
| 245 | _aBasic Thermodynamics | ||
| 260 |
_bPHI _c2011 |
||
| 300 | _a509 | ||
| 650 |
_aDiploma Engineering _9817 |
||
| 942 | _cBK | ||
| 999 |
_c3723 _d3722 |
||